00357nam a2200133 a 45000010010000000030011000100080041000210350026000620820014000881000026001022450038001282600039001666500018002050000-8690ELIB.Books110520 1999  a(ELIB.Books)0000-8836 a225 bJoh aJohnson, Luke Timothy aThe Writings of the New Testament bMinneapolis: Fortress Press c1999 aNew Testament